Kabale University Library Catalogue

Protecting democracy : (Record no. 6030)

MARC details
000 -LEADER
fixed length control field 01089cam a22002894a 4500
003 - CONTROL NUMBER IDENTIFIER
control field OSt
005 - DATE AND TIME OF LATEST TRANSACTION
control field 20260205122221.0
008 - FIXED-LENGTH DATA ELEMENTS--GENERAL INFORMATION
fixed length control field 260205b |||||||| |||| 00| 0 eng d
020 ## - INTERNATIONAL STANDARD BOOK NUMBER
International Standard Book Number 0739108239
020 ## - INTERNATIONAL STANDARD BOOK NUMBER
International Standard Book Number 0739108247
020 ## - INTERNATIONAL STANDARD BOOK NUMBER
International Standard Book Number 9780739108246
Qualifying information (pbk. : alk. paper)
040 ## - CATALOGING SOURCE
Original cataloging agency KABLIB
Transcribing agency KABLIB
Description conventions rda
082 00 - DEWEY DECIMAL CLASSIFICATION NUMBER
Classification number 327.1
Edition number 23
Item number PRO
245 00 - TITLE STATEMENT
Title Protecting democracy :
Remainder of title international responses /
Statement of responsibility, etc. edited by Morton H. Halperin and Mirna Galic.
260 ## - PUBLICATION, DISTRIBUTION, ETC.
Place of publication, distribution, etc. Lanham :
Name of publisher, distributor, etc. Lexington Books ,
Date of publication, distribution, etc. c2005.
300 ## - PHYSICAL DESCRIPTION
Extent ix, 358 p. ;
Dimensions 23 cm.
504 ## - BIBLIOGRAPHY, ETC. NOTE
Bibliography, etc. note Includes index.
650 #0 - SUBJECT ADDED ENTRY--TOPICAL TERM
Topical term or geographic name entry element Democracy.
650 #0 - SUBJECT ADDED ENTRY--TOPICAL TERM
Topical term or geographic name entry element International relations.
9 (RLIN) 9459
700 1# - ADDED ENTRY--PERSONAL NAME
Personal name Halperin, Morton H.
9 (RLIN) 15247
700 1# - ADDED ENTRY--PERSONAL NAME
Personal name Galic, Mirna,
Dates associated with a name 1979-
9 (RLIN) 15248
710 2# - ADDED ENTRY--CORPORATE NAME
Corporate name or jurisdiction name as entry element Council on Foreign Relations.
9 (RLIN) 15249
856 41 - ELECTRONIC LOCATION AND ACCESS
Uniform Resource Identifier <a href="http://www.loc.gov/catdir/toc/ecip053/2004025713.html">http://www.loc.gov/catdir/toc/ecip053/2004025713.html</a>
942 ## - ADDED ENTRY ELEMENTS (KOHA)
Source of classification or shelving scheme Dewey Decimal Classification
Koha item type Book
Holdings
Withdrawn status Lost status Source of classification or shelving scheme Damaged status Not for loan Home library Current library Shelving location Date acquired Source of acquisition Total Checkouts Full call number Barcode Date last seen Price effective from Koha item type
    Dewey Decimal Classification     Education Library Mukombe Library Open Access Section 05.02.2026 Donation   327.1 PRO 14480 05.02.2026 05.02.2026 Book

Kabale University Library | Kabale University P.O Box 317, Kabale, Uganda
Tel : +256754017033, +256774661503 E-mail : library@kab.ac.ug